[Event "FIN-chT 1314"]
[Site "Finland"]
[Date "2014.03.08"]
[Round "10.4"]
[White "Hakulinen, Esko Matti"]
[Black "Maki Uuro, Miika"]
[Result "1/2-1/2"]
[WhiteElo "2324"]
[BlackElo "2334"]
[PlyCount "33"]
[EventDate "2013.09.21"]
[EventType "team-tourn"]
[EventRounds "11"]
[EventCountry "FIN"]
[SourceTitle "EXT 2015"]
[Source "ChessBase"]
[SourceDate "2014.11.20"]
[SourceVersion "1"]
[SourceVersionDate "2014.11.20"]
[SourceQuality "1"]
[WhiteTeam "Jyvaskyla JyS"]
[BlackTeam "Espoo MatSK"]
[WhiteTeamCountry "FIN"]
[BlackTeamCountry "FIN"]

1. Nf3 d5 2. c4 c6 3. e3 Nf6 4. Nc3 Bg4 5. d4 e6 6. Be2 Nbd7 7. Qc2 Bd6 8. b3 0-0 9. Bb2 Qe7 10. 0-0 Ba3 11. Bxa3 Qxa3 12. Rfd1 a6 13. e4 dxe4 14. Nxe4 Nxe4 15. Qxe4 Nf6 16. Qe3 Bxf3 17. Bxf3 1/2-1/2

[Event "FIN-chT 0304"]
[Site "Finland"]
[Date "2004.03.14"]
[Round "9.3"]
[White "Hakulinen, Esko Matti"]
[Black "Puranen, Jukka"]
[Result "1-0"]
[WhiteElo "2329"]
[BlackElo "2302"]
[PlyCount "63"]
[EventDate "2003.09.06"]
[EventType "team-tourn"]
[EventRounds "9"]
[EventCountry "FIN"]
[SourceTitle "EXT 2022"]
[Source "ChessBase"]
[SourceDate "2021.10.06"]
[SourceVersion "1"]
[SourceVersionDate "2021.10.06"]
[SourceQuality "1"]
[WhiteTeam "Jyvaskyla JyS"]
[BlackTeam "Vantaa EtVaS"]
[WhiteTeamCountry "FIN"]
[BlackTeamCountry "FIN"]

1. g3 e5 2. Bg2 Nc6 3. c4 g6 4. Nc3 Bg7 5. e4 d6 6. Nge2 Nge7 7. d3 Bg4 8. f3 Be6 9. Nd5 0-0 10. 0-0 f5 11. Be3 h6 12. Qd2 Kh7 13. f4 Qd7 14. Rae1 Rf7 15. Kh1 Raf8 16. b3 Nc8 17. exf5 Bxf5 18. d4 Bh3 19. Ndc3 Bxg2+ 20. Kxg2 exd4 21. Nxd4 Re8 22. Bf2 Rfe7 23. Nf3 Rxe1 24. Rxe1 a6 25. Rxe8 Qxe8 26. Nd5 Qf7 27. Qd3 Nd8 28. Nh4 Ne6 29. Nxg6 Kg8 30. f5 Nf8 31. Nxf8 Kxf8 32. f6 1-0

[Event "FIN-chT 0001"]
[Site "Finland"]
[Date "2001.07.10"]
[Round "7.3"]
[White "Hakulinen, Esko Matti"]
[Black "Lampen, Timo"]
[Result "0-1"]
[WhiteElo "2339"]
[BlackElo "2322"]
[PlyCount "82"]
[EventDate "2000.11.07"]
[EventType "team-tourn"]
[EventRounds "9"]
[EventCountry "FIN"]
[SourceTitle "EXT 2022"]
[Source "ChessBase"]
[SourceDate "2021.10.06"]
[SourceVersion "1"]
[SourceVersionDate "2021.10.06"]
[SourceQuality "1"]
[WhiteTeam "Jyvaskyla JyS"]
[BlackTeam "Tampere Taraus"]
[WhiteTeamCountry "FIN"]
[BlackTeamCountry "FIN"]

1. Nf3 d5 2. g3 Nf6 3. Bg2 c6 4. c4 e6 5. Qc2 Be7 6. d4 0-0 7. Nbd2 b6 8. 0-0 Bb7 9. e4 c5 10. exd5 exd5 11. dxc5 bxc5 12. cxd5 Bxd5 13. b3 Nc6 14. Bb2 Nb4 15. Qb1 h6 16. Rd1 Qc7 17. a3 Nc6 18. Qc2 Qb7 19. Nc4 Rad8 20. Rac1 Kh8 21. Nh4 Bxg2 22. Nxg2 Nd4 23. Bxd4 cxd4 24. h4 Ne4 25. b4 Bf6 26. Na5 Qd5 27. Nf4 Qf5 28. Kg2 Rfe8 29. Nc6 Rc8 30. f3 Nd6 31. Qxf5 Nxf5 32. Rd3 a6 33. a4 Be5 34. Nd5 Bxg3 35. b5 axb5 36. axb5 Re2+ 37. Kf1 Rf2+ 38. Kg1 Rb2 39. b6 Bf2+ 40. Kf1 Bxh4 41. Rb1 Rxb1+ 0-1

[Event "FIN-chT 0001"]
[Site "Finland"]
[Date "2001.01.13"]
[Round "6.3"]
[White "Pihlajasalo, Hannu"]
[Black "Hakulinen, Esko Matti"]
[Result "1/2-1/2"]
[WhiteElo "2236"]
[BlackElo "2339"]
[PlyCount "21"]
[EventDate "2000.11.07"]
[EventType "team-tourn"]
[EventRounds "9"]
[EventCountry "FIN"]
[SourceTitle "EXT 2022"]
[Source "ChessBase"]
[SourceDate "2021.10.06"]
[SourceVersion "1"]
[SourceVersionDate "2021.10.06"]
[SourceQuality "1"]
[WhiteTeam "Salo SK"]
[BlackTeam "Jyvaskyla JyS"]
[WhiteTeamCountry "FIN"]
[BlackTeamCountry "FIN"]

1. d4 d5 2. c4 e6 3. Nc3 Be7 4. Nf3 Nf6 5. Bg5 Nbd7 6. e3 c6 7. cxd5 exd5 8. Bd3 Nh5 9. Bxe7 Qxe7 10. 0-0 Nb6 11. Ne5 1/2-1/2

[Event "FIN-chT 0001"]
[Site "Finland"]
[Date "2000.11.21"]
[Round "3.3"]
[White "Karttunen, Mika"]
[Black "Hakulinen, Esko Matti"]
[Result "1-0"]
[WhiteElo "2468"]
[BlackElo "2339"]
[PlyCount "79"]
[EventDate "2000.11.07"]
[EventType "team-tourn"]
[EventRounds "9"]
[EventCountry "FIN"]
[SourceTitle "EXT 2022"]
[Source "ChessBase"]
[SourceDate "2021.10.06"]
[SourceVersion "1"]
[SourceVersionDate "2021.10.06"]
[SourceQuality "1"]
[WhiteTeam "Joensuu SK"]
[BlackTeam "Jyvaskyla JyS"]
[WhiteTeamCountry "FIN"]
[BlackTeamCountry "FIN"]

1. d4 d5 2. c4 e6 3. Nf3 Nf6 4. g3 Bb4+ 5. Bd2 Be7 6. Bg2 c6 7. 0-0 0-0 8. Bc3 Nbd7 9. Nbd2 b6 10. Qc2 Ba6 11. Rfd1 Qc7 12. b3 c5 13. dxc5 Bxc5 14. e4 Ng4 15. Rf1 dxc4 16. b4 Bd6 17. a4 Nge5 18. Nd4 Nd3 19. b5 Bb7 20. Nc6 N7e5 21. Nd4 Rac8 22. Rad1 Bc5 23. h3 Ng6 24. Kh2 h5 25. f4 h4 26. e5 Bxg2 27. Kxg2 Ndxe5 28. fxe5 Qxe5 29. Ne4 hxg3 30. Nf5 Qc7 31. Nfd6 Rcd8 32. Nf6+ gxf6 33. Rxf6 Nh4+ 34. Kxg3 Rxd6 35. Kxh4 Rfd8 36. Rg6+ fxg6 37. Qxg6+ Kf8 38. Rf1+ Ke7 39. Rf7+ Ke8 40. Qg8# 1-0

[Event "FIN-chT 9900"]
[Site "Finland"]
[Date "1999.??.??"]
[Round "?"]
[White "Hakulinen, Esko Matti"]
[Black "Laihonen, Petteri"]
[Result "1/2-1/2"]
[WhiteElo "2334"]
[BlackElo "2278"]
[PlyCount "90"]
[EventDate "1999.??.??"]
[EventType "team-tourn"]
[EventRounds "9"]
[EventCountry "FIN"]
[SourceTitle "EXT 2001"]
[Source "ChessBase"]
[SourceDate "2000.11.22"]
[SourceVersion "1"]
[SourceVersionDate "2000.11.22"]
[SourceQuality "1"]
[WhiteTeam "Kuopio KSY"]
[BlackTeam "Jyvaskyla JyS"]
[WhiteTeamCountry "FIN"]
[BlackTeamCountry "FIN"]

1. g3 c5 2. Bg2 g6 3. c4 Bg7 4. Nc3 Nc6 5. b3 e6 6. Bb2 Nge7 7. Qc1 d6 8. Nf3 0-0 9. 0-0 Rb8 10. d3 h6 11. a3 b6 12. Rb1 Bb7 13. Ba1 Qd7 14. b4 f5 15. e3 g5 16. Ne1 Ne5 17. Bxb7 Rxb7 18. f4 N5g6 19. h3 gxf4 20. gxf4 Kh7 21. Nf3 Rg8 22. Kh2 Rf8 23. Ne2 Ng8 24. Bxg7 Qxg7 25. Rg1 Qe7 26. Qc3 Nh4 27. Rbf1 Nxf3+ 28. Rxf3 Qf6 29. Rfg3 Rbf7 30. Qc2 Ne7 31. Nc3 Rg8 32. Rxg8 Nxg8 33. Qg2 Ne7 34. Nb5 e5 35. Nxa7 exf4 36. exf4 Ng6 37. Nb5 Rg7 38. Qd5 Nxf4 39. Rxg7+ Kxg7 40. Qxd6 Qb2+ 41. Kg3 Ne2+ 42. Kf3 Ng1+ 43. Kf4 Qh2+ 44. Kxf5 Qxh3+ 45. Ke5 Qh5+ 1/2-1/2

[Event "FIN-chT 9899"]
[Site "Finland"]
[Date "1999.??.??"]
[Round "7"]
[White "Kekki, Petri"]
[Black "Hakulinen, Esko Matti"]
[Result "1-0"]
[WhiteElo "2280"]
[BlackElo "2335"]
[PlyCount "78"]
[EventDate "1998.??.??"]
[EventType "team-tourn"]
[EventRounds "9"]
[EventCountry "FIN"]
[SourceTitle "EXT 2000"]
[Source "ChessBase"]
[SourceDate "1999.11.16"]
[SourceVersion "1"]
[SourceVersionDate "1999.11.16"]
[SourceQuality "1"]
[WhiteTeam "Espoo MatSK"]
[BlackTeam "Kuopio KSY"]
[WhiteTeamCountry "FIN"]
[BlackTeamCountry "FIN"]

1. d4 g6 2. c4 Bg7 3. Nc3 d6 4. Nf3 e5 5. e4 Bg4 6. d5 Nd7 7. h3 Bxf3 8. Qxf3 h5 9. Bd3 Bh6 10. 0-0 Bxc1 11. Rfxc1 Ngf6 12. b4 0-0 13. Qe3 Qe7 14. Na4 c6 15. dxc6 bxc6 16. Nc3 Rfc8 17. Be2 Nf8 18. Bf3 Ne6 19. Ne2 Rab8 20. Rab1 Rb7 21. Rd1 Kg7 22. g3 Qc7 23. Bg2 Rcb8 24. Qd2 a5 25. a3 axb4 26. axb4 Rd8 27. f4 Qb6+ 28. Kh1 Rbb8 29. f5 Nf8 30. Ng1 N8h7 31. Re1 Qc7 32. Nf3 d5 33. exd5 cxd5 34. Nxe5 dxc4 35. Qc3 gxf5 36. Nc6 Rd3 37. Qxc4 Rbd8 38. Re7 Qxg3 39. Qxf7+ Kh8 1-0

[Event "FIN-chT 9798"]
[Site "Finland"]
[Date "1998.??.??"]
[Round "?"]
[White "Hakulinen, Esko Matti"]
[Black "Kekki, Petri"]
[Result "1-0"]
[WhiteElo "2335"]
[BlackElo "2280"]
[PlyCount "125"]
[EventDate "1997.??.??"]
[EventType "team"]
[EventRounds "9"]
[EventCountry "FIN"]
[SourceTitle "EXT 2002"]
[Source "ChessBase"]
[SourceDate "2001.11.25"]
[SourceVersion "1"]
[SourceVersionDate "2001.11.25"]
[SourceQuality "1"]

1. Nf3 d5 2. d4 Bf5 3. c4 e6 4. Qb3 Nc6 5. Bd2 Rb8 6. e3 Nf6 7. Be2 Be7 8. 0-0 0-0 9. Rd1 a6 10. Be1 Ne4 11. Qa4 Qe8 12. Kf1 Bf6 13. Nc3 Nxc3 14. bxc3 dxc4 15. Qxc4 Bc2 16. Rdc1 b5 17. Qc5 Be7 18. Qh5 Bg6 19. Qh3 Ba3 20. Rd1 Bb2 21. Rab1 Bxb1 22. Rxb1 Ba3 23. Bd3 f5 24. Bd2 Qd7 25. g4 g6 26. gxf5 exf5 27. e4 Rf7 28. exf5 gxf5 29. Re1 Bd6 30. Bg5 Kh8 31. Ne5 Bxe5 32. dxe5 Re8 33. Bf6+ Rxf6 34. exf6 Rxe1+ 35. Kxe1 Qe6+ 36. Kf1 Qxf6 37. Bxf5 h6 38. Bc2 Ne7 39. Qd3 Kg7 40. Qg3+ Qg5 41. Qxc7 Qc1+ 42. Kg2 Qg5+ 43. Kf3 Qf6+ 44. Ke2 Qe6+ 45. Kd2 Qd5+ 46. Kc1 Kf8 47. Qf4+ Kg7 48. Kb2 Qe6 49. Qe4 Qf6 50. a3 Nc6 51. Qg4+ Kf8 52. Qc8+ Nd8 53. f3 Qd6 54. Qf5+ Ke7 55. Qh7+ Nf7 56. Qe4+ Kd7 57. f4 Nd8 58. Qd4 Ne6 59. Bf5 Ke7 60. Qxd6+ Kxd6 61. Bxe6 Kxe6 62. Kb3 a5 63. c4 1-0

[Event "FIN-chT 9596"]
[Site "Finland"]
[Date "1996.??.??"]
[Round "6"]
[White "Hakulinen, Esko Matti"]
[Black "Helenius, Martti"]
[Result "1/2-1/2"]
[WhiteElo "2340"]
[BlackElo "2280"]
[PlyCount "84"]
[EventDate "1995.??.??"]
[EventType "team"]
[EventRounds "11"]
[EventCountry "FIN"]
[SourceTitle "EXT 1998"]
[Source "ChessBase"]
[SourceDate "1997.11.17"]
[SourceVersion "1"]
[SourceVersionDate "1997.11.17"]
[SourceQuality "1"]

1. c4 Nf6 2. Nc3 d5 3. cxd5 Nxd5 4. g3 g6 5. Bg2 Nxc3 6. bxc3 Bg7 7. Rb1 Nd7 8. Nf3 0-0 9. 0-0 c5 10. d4 Qa5 11. Qb3 Nb6 12. Qa3 Qxa3 13. Bxa3 cxd4 14. cxd4 Nc4 15. Bc5 Re8 16. Rfc1 Na5 17. Nd2 Nc6 18. e3 Bf8 19. Nc4 Rd8 20. Ba3 Be6 21. Rxb7 Bxc4 22. Bxc6 Be6 23. Bg2 a5 24. Bxe7 Rac8 25. Bc5 Bxc5 26. dxc5 Rxc5 27. Rbb1 Rxc1+ 28. Rxc1 Bxa2 29. Ra1 Bb3 30. Kf1 a4 31. Bc6 Rd6 32. Bb5 Rb6 33. Bd7 Rd6 34. Bb5 Rd5 35. Bxa4 Ra5 36. Bxb3 Rxa1+ 37. Kg2 Kg7 38. Bd5 f5 39. h4 h6 40. Bc4 Kf6 41. Bd3 g5 42. hxg5+ hxg5 1/2-1/2

[Event "FIN-chT 9596"]
[Site "Finland"]
[Date "1996.??.??"]
[Round "1"]
[White "Hakulinen, Esko Matti"]
[Black "Keskisarja, Teemu"]
[Result "1/2-1/2"]
[WhiteElo "2340"]
[BlackElo "2255"]
[PlyCount "60"]
[EventDate "1995.??.??"]
[EventType "team"]
[EventRounds "11"]
[EventCountry "FIN"]
[SourceTitle "EXT 1998"]
[Source "ChessBase"]
[SourceDate "1997.11.17"]
[SourceVersion "1"]
[SourceVersionDate "1997.11.17"]
[SourceQuality "1"]

1. c4 e5 2. Nc3 Nf6 3. Nf3 Nc6 4. a3 d5 5. d4 exd4 6. Nxd4 Nxd4 7. Qxd4 Be6 8. cxd5 Nxd5 9. e4 Nxc3 10. Qxc3 Qd7 11. Bf4 0-0-0 12. Be2 Bd6 13. Rd1 Qc6 14. Qxc6 bxc6 15. Ba6+ Kb8 16. Be3 Be5 17. Ke2 f5 18. exf5 Bxf5 19. Bd3 Bxd3+ 20. Rxd3 Rxd3 21. Kxd3 Rd8+ 22. Kc2 Rd5 23. h3 a6 24. Re1 Kc8 25. Re2 Kd7 26. Bd2 c5 27. Bc3 Bd4 28. b4 cxb4 29. axb4 Bxc3 30. Kxc3 a5 1/2-1/2

[Event "FIN-chT 9697"]
[Site "Finland"]
[Date "1996.??.??"]
[Round "3.3"]
[White "Kytoniemi, Jyrki"]
[Black "Hakulinen, Esko Matti"]
[Result "1/2-1/2"]
[WhiteElo "2220"]
[BlackElo "2340"]
[PlyCount "82"]
[EventDate "1996.??.??"]
[EventType "team"]
[EventRounds "9"]
[EventCountry "FIN"]
[SourceTitle "EXT 1999"]
[Source "ChessBase"]
[SourceDate "1998.11.16"]
[SourceVersion "1"]
[SourceVersionDate "1998.11.16"]
[SourceQuality "1"]

1. e4 c5 2. Nf3 Nc6 3. d4 cxd4 4. Nxd4 Qc7 5. Nc3 e6 6. Be3 a6 7. Be2 Nf6 8. a3 b5 9. 0-0 Bb7 10. Nxc6 Bxc6 11. Bd3 d6 12. Qe2 Be7 13. Rae1 0-0 14. f4 Qb7 15. Bd4 Nd7 16. e5 dxe5 17. fxe5 Nc5 18. Bxh7+ Kxh7 19. Qh5+ Kg8 20. Re3 Bxg2 21. Rf2 g6 22. Qh6 Rfd8 23. Rxg2 Rxd4 24. Rh3 Bh4 25. Rxh4 Rxh4 26. Qxh4 Qc7 27. Qf4 Nd7 28. Re2 Kg7 29. h4 Rh8 30. Rf2 Rf8 31. Re2 Qc5+ 32. Kg2 f6 33. exf6+ Rxf6 34. Qe3 Qf5 35. Qg3 Qf1+ 36. Kh2 Rf3 37. Qg2 Nf6 38. Qxf1 Rxf1 39. Kg2 Rc1 40. Kg3 Kf7 41. Kg2 Nd5 1/2-1/2

[Event "FIN-chT 9596"]
[Site "Finland"]
[Date "1996.??.??"]
[Round "5"]
[White "Leino, Jukka"]
[Black "Hakulinen, Esko Matti"]
[Result "1/2-1/2"]
[WhiteElo "2170"]
[BlackElo "2340"]
[PlyCount "24"]
[EventDate "1995.??.??"]
[EventType "team"]
[EventRounds "11"]
[EventCountry "FIN"]
[SourceTitle "EXT 1998"]
[Source "ChessBase"]
[SourceDate "1997.11.17"]
[SourceVersion "1"]
[SourceVersionDate "1997.11.17"]
[SourceQuality "1"]

1. e4 c6 2. d4 d5 3. Nc3 dxe4 4. Nxe4 Bf5 5. Ng3 Bg6 6. Nf3 Nd7 7. h4 h6 8. h5 Bh7 9. Bd3 Bxd3 10. Qxd3 e6 11. Bd2 Qc7 12. 0-0-0 0-0-0 1/2-1/2

[Event "Kuopio op2"]
[Site "Kuopio"]
[Date "1995.??.??"]
[Round "?"]
[White "Hakulinen, Esko Matti"]
[Black "Raaste, Eero J"]
[Result "1/2-1/2"]
[WhiteElo "2315"]
[BlackElo "2355"]
[PlyCount "54"]
[EventDate "1995.??.??"]
[EventType "swiss"]
[EventRounds "7"]
[EventCountry "FIN"]
[SourceTitle "EXT 2000"]
[Source "ChessBase"]
[SourceDate "1999.11.16"]
[SourceVersion "1"]
[SourceVersionDate "1999.11.16"]
[SourceQuality "1"]

1. d4 e6 2. Nf3 d5 3. c4 c6 4. Nc3 f5 5. Bf4 Nf6 6. e3 Be7 7. Bd3 0-0 8. h3 Ne4 9. g4 Qa5 10. Rc1 g5 11. Be5 Nd7 12. gxf5 Rxf5 13. Bxe4 dxe4 14. Nd2 Nxe5 15. dxe5 Qxe5 16. Ndxe4 b6 17. Qd4 Qxd4 18. exd4 Rf4 19. Ke2 Ba6 20. b3 h6 21. Rcg1 Kh7 22. Rg4 Raf8 23. Rxf4 Rxf4 24. Ke3 Bb7 25. f3 Bc8 26. c5 Bd7 27. b4 Rf8 1/2-1/2

[Event "Jyvaskyla op"]
[Site "Jyvaskyla"]
[Date "1995.??.??"]
[Round "5"]
[White "Hakulinen, Esko Matti"]
[Black "Seeman, Tarvo"]
[Result "1-0"]
[WhiteElo "2315"]
[BlackElo "2310"]
[PlyCount "73"]
[EventDate "1995.??.??"]
[EventType "swiss"]
[EventRounds "5"]
[EventCountry "FIN"]
[SourceTitle "EXT 2000"]
[Source "ChessBase"]
[SourceDate "1999.11.16"]
[SourceVersion "1"]
[SourceVersionDate "1999.11.16"]
[SourceQuality "1"]

1. d4 Nf6 2. c4 g6 3. Nc3 Bg7 4. Bg5 0-0 5. Nf3 c5 6. d5 d6 7. Nd2 Na6 8. e4 Nc7 9. Be2 h6 10. Bh4 e6 11. a4 Re8 12. 0-0 b6 13. f4 e5 14. fxe5 Rxe5 15. Qe1 a6 16. Qf2 Nce8 17. Kh1 Re7 18. h3 Raa7 19. Rae1 Rab7 20. Bd1 g5 21. Bg3 Nd7 22. Nf3 Ne5 23. Nxe5 Bxe5 24. Bh5 Bxg3 25. Qxg3 Re5 26. Re2 Nf6 27. Qf3 Kg7 28. Ref2 Nh7 29. Bxf7 g4 30. Qg3 Ng5 31. Bh5 gxh3 32. gxh3 Bxh3 33. Rf7+ Rxf7 34. Rxf7+ Kh8 35. Rf2 Re7 36. Qf4 Ra7 37. Qf6+ 1-0

[Event "Jyvaskyla op"]
[Site "Jyvaskyla"]
[Date "1995.??.??"]
[Round "3"]
[White "Hakulinen, Esko Matti"]
[Black "Westerinen, Heikki MJ"]
[Result "1/2-1/2"]
[WhiteElo "2315"]
[BlackElo "2405"]
[PlyCount "59"]
[EventDate "1995.??.??"]
[EventType "swiss"]
[EventRounds "5"]
[EventCountry "FIN"]
[SourceTitle "EXT 2000"]
[Source "ChessBase"]
[SourceDate "1999.11.16"]
[SourceVersion "1"]
[SourceVersionDate "1999.11.16"]
[SourceQuality "1"]

1. d4 g6 2. Nf3 Bg7 3. e4 Nf6 4. Bd3 d6 5. c3 0-0 6. 0-0 c5 7. h3 Qc7 8. Qe2 e5 9. dxe5 dxe5 10. a4 Nc6 11. Na3 Nh5 12. Nc4 Nf4 13. Bxf4 exf4 14. e5 Be6 15. Rad1 Bxc4 16. Bxc4 Nxe5 17. Nxe5 Bxe5 18. Rd5 Bf6 19. Rfd1 Rad8 20. Bb5 a6 21. Rxd8 Rxd8 22. Rxd8+ Qxd8 23. Qe8+ Kg7 24. Qxd8 Bxd8 25. Bd7 b6 26. Kf1 Kf6 27. Ke2 Ke5 28. Bc8 a5 29. Bb7 Bh4 30. Bc6 1/2-1/2

[Event "Jyvaskyla op"]
[Site "Jyvaskyla"]
[Date "1995.??.??"]
[Round "4"]
[White "Hintikka, Eero"]
[Black "Hakulinen, Esko Matti"]
[Result "0-1"]
[WhiteElo "2195"]
[BlackElo "2315"]
[PlyCount "62"]
[EventDate "1995.??.??"]
[EventType "swiss"]
[EventRounds "5"]
[EventCountry "FIN"]
[SourceTitle "EXT 2000"]
[Source "ChessBase"]
[SourceDate "1999.11.16"]
[SourceVersion "1"]
[SourceVersionDate "1999.11.16"]
[SourceQuality "1"]

1. e4 c6 2. d4 d5 3. Nc3 dxe4 4. Nxe4 Bf5 5. Ng3 Bg6 6. h4 h6 7. Nf3 Nd7 8. h5 Bh7 9. Bd3 Bxd3 10. Qxd3 e6 11. Bf4 Qa5+ 12. Bd2 Qc7 13. 0-0-0 0-0-0 14. Qe2 Ngf6 15. Ne5 Nb6 16. Ba5 Rd5 17. Qe1 c5 18. Rh4 Bd6 19. Nc4 Bxg3 20. fxg3 Rhd8 21. Bxb6 axb6 22. Qe3 Kb8 23. Qb3 b5 24. Na3 c4 25. Qf3 b4 26. Nb1 Qa5 27. Qe2 Rc8 28. a3 bxa3 29. Nxa3 c3 30. Nb1 cxb2+ 31. Kxb2 Qb4+ 0-1

[Event "Olympiad-31"]
[Site "Moscow"]
[Date "1994.12.16"]
[Round "14.4"]
[White "Hakulinen, Esko Matti"]
[Black "Dridi, Ali"]
[Result "1/2-1/2"]
[WhiteElo "2350"]
[BlackElo "2270"]
[PlyCount "121"]
[EventDate "1994.12.01"]
[EventType "team-swiss"]
[EventRounds "14"]
[EventCountry "RUS"]
[SourceTitle "CBM 045"]
[Source "ChessBase"]
[SourceDate "1995.04.01"]
[SourceVersion "1"]
[SourceVersionDate "1995.04.01"]
[SourceQuality "1"]
[WhiteTeam "Finland"]
[BlackTeam "Tunisia"]
[WhiteTeamCountry "FIN"]
[BlackTeamCountry "TUN"]

1. d4 d5 2. Nf3 Nf6 3. c4 c6 4. Nc3 dxc4 5. a4 Bf5 6. e3 e6 7. Bxc4 Bb4 8. 0-0 0-0 9. Qb3 Qe7 10. Nh4 Bg4 11. f3 Bh5 12. g4 Bg6 13. e4 a5 14. Ng2 e5 15. Be3 exd4 16. Bxd4 Bc5 17. Rad1 Na6 18. Kh1 Bxd4 19. Rxd4 Nc5 20. Qc2 Rad8 21. Rfd1 Rxd4 22. Rxd4 Rd8 23. Qd1 Rxd4 24. Qxd4 Nfd7 25. Ne3 h5 26. h3 hxg4 27. hxg4 Qe5 28. Qxe5 Nxe5 29. Kg2 Kf8 30. Ba2 Ncd3 31. Kg3 Nxb2 32. f4 Ned3 33. e5 Bh7 34. Bb1 g5 35. fxg5 Bg6 36. Nf5 Nxe5 37. Kf4 Nbd3+ 38. Bxd3 Nxd3+ 39. Ke4 Nc5+ 40. Ke5 Nd7+ 41. Kd6 Nb6 42. Ne3 Bd3 43. Kc7 Nd5+ 44. Ncxd5 cxd5 45. Nxd5 Kg7 46. Kb6 Be4 47. Nf4 f6 48. gxf6+ Kxf6 49. Kxa5 Bc6 50. Nh3 Bd7 51. Nf2 b6+ 52. Kb4 Kg5 53. Ne4+ Kf4 54. Nf2 Kg3 55. Ne4+ Kf4 56. g5 Kxe4 57. g6 Kf5 58. g7 Be6 59. Kb5 Kf6 60. g8Q Bxg8 61. Kxb6 1/2-1/2

[Event "Olympiad-31"]
[Site "Moscow"]
[Date "1994.12.06"]
[Round "6.3"]
[White "Hakulinen, Esko Matti"]
[Black "Akintola, Fola"]
[Result "1/2-1/2"]
[WhiteElo "2350"]
[BlackElo "2340"]
[PlyCount "151"]
[EventDate "1994.12.01"]
[EventType "team-swiss"]
[EventRounds "14"]
[EventCountry "RUS"]
[SourceTitle "CBM 045"]
[Source "ChessBase"]
[SourceDate "1995.04.01"]
[SourceVersion "1"]
[SourceVersionDate "1995.04.01"]
[SourceQuality "1"]
[WhiteTeam "Finland"]
[BlackTeam "Nigeria"]
[WhiteTeamCountry "FIN"]
[BlackTeamCountry "NGR"]

1. d4 Nf6 2. Nf3 g6 3. c4 Bg7 4. g3 0-0 5. Bg2 d6 6. Nc3 Nbd7 7. 0-0 e5 8. e4 c6 9. h3 Qb6 10. Re1 Re8 11. Re2 Qb4 12. Rc2 exd4 13. Nxd4 Nc5 14. a3 Qb6 15. Be3 Qc7 16. f3 a5 17. b3 Nfd7 18. Bf2 Bxd4 19. Bxd4 Nxb3 20. Rb1 Nxd4 21. Qxd4 Nc5 22. Rd2 Qe7 23. Qxd6 Qxd6 24. Rxd6 Be6 25. Bf1 Red8 26. Rbd1 Rxd6 27. Rxd6 Kf8 28. Kf2 Ke7 29. Rd1 Rd8 30. Rxd8 Kxd8 31. Ke3 Ke7 32. f4 f6 33. g4 h6 34. Be2 g5 35. f5 Bf7 36. Bd1 Kd6 37. Kd4 Nd7 38. Be2 c5+ 39. Ke3 Nb6 40. Nd5 Bxd5 41. exd5 Ke5 42. Bd3 Nc8 43. Be2 Nd6 44. a4 Ne8 45. Bd1 Kd6 46. Ke4 Ke7 47. Ke3 Nd6 48. Bb3 Kf8 49. Kd3 Kg7 50. Bd1 Kh7 51. Be2 Kg7 52. Bd1 Kf7 53. Be2 Ke7 54. Bd1 Ne8 55. Ke4 Kd6 56. Be2 Nc7 57. Bd1 Na6 58. Bc2 Nb4 59. Bb3 Kc7 60. Ke3 Kd7 61. Bd1 Na2 62. Bb3 Nb4 63. Bd1 Kd6 64. Ke4 Na6 65. Bc2 Nc7 66. Bd1 Ke7 67. Be2 Ne8 68. Ke3 Ng7 69. Ke4 Kd6 70. Bd1 Kd7 71. Be2 Ne8 72. Ke3 Nd6 73. Bd3 Nc8 74. Bc2 Nb6 75. Bb3 Ke7 76. Kf3 1/2-1/2

[Event "Olympiad-31"]
[Site "Moscow"]
[Date "1994.12.05"]
[Round "5.4"]
[White "Huss, Andreas"]
[Black "Hakulinen, Esko Matti"]
[Result "1/2-1/2"]
[WhiteElo "2430"]
[BlackElo "2350"]
[PlyCount "85"]
[EventDate "1994.12.01"]
[EventType "team-swiss"]
[EventRounds "14"]
[EventCountry "RUS"]
[SourceTitle "CBM 045"]
[Source "ChessBase"]
[SourceDate "1995.04.01"]
[SourceVersion "1"]
[SourceVersionDate "1995.04.01"]
[SourceQuality "1"]
[WhiteTeam "Switzerland"]
[BlackTeam "Finland"]
[WhiteTeamCountry "SUI"]
[BlackTeamCountry "FIN"]

1. d4 d5 2. c4 dxc4 3. Nf3 a6 4. e3 Nf6 5. Bxc4 e6 6. 0-0 c5 7. a4 Nc6 8. Qe2 cxd4 9. Rd1 Be7 10. exd4 0-0 11. Nc3 Nb4 12. Ne5 b6 13. Qf3 Ra7 14. Be3 Bb7 15. Qh3 Nfd5 16. Rd2 Ba8 17. Re1 Rc7 18. Nxd5 Bxd5 19. b3 Qa8 20. Qg3 Bd6 21. Bf4 Qb7 22. h4 b5 23. axb5 axb5 24. Bf1 Rfc8 25. h5 Rc3 26. Re3 Rxe3 27. fxe3 f6 28. Ng6 Bxf4 29. Nxf4 Qc7 30. Rf2 Bxb3 31. Bxb5 Nd5 32. Kh2 Nxf4 33. Rxf4 f5 34. h6 g6 35. Be2 Bd5 36. Bf3 Bxf3 37. Rxf3 Kf7 38. Qxc7+ Rxc7 39. g4 Kf6 40. gxf5 exf5 41. e4 Rc4 42. exf5 gxf5 43. Rd3 1/2-1/2

[Event "Tampere op"]
[Site "Tampere"]
[Date "1994.??.??"]
[Round "4"]
[White "Hermlin, Aarne"]
[Black "Hakulinen, Esko Matti"]
[Result "1/2-1/2"]
[WhiteElo "2365"]
[BlackElo "2330"]
[PlyCount "46"]
[EventDate "1994.??.??"]
[EventType "swiss"]
[EventRounds "5"]
[EventCountry "FIN"]
[SourceTitle "EXT 1999"]
[Source "ChessBase"]
[SourceDate "1998.11.16"]
[SourceVersion "1"]
[SourceVersionDate "1998.11.16"]
[SourceQuality "1"]

1. e4 c6 2. c4 d5 3. exd5 cxd5 4. cxd5 Nf6 5. Nc3 Nxd5 6. Nf3 e6 7. d4 Bb4 8. Bd2 Nc6 9. Bd3 Be7 10. 0-0 0-0 11. a3 Bf6 12. Qc2 g6 13. Bh6 Re8 14. Rad1 Nxc3 15. bxc3 Qd6 16. a4 b6 17. Nd2 Be7 18. Ne4 Qd5 19. Qd2 Bb7 20. f3 Rac8 21. Bg5 Bxg5 22. Nxg5 f5 23. Rfe1 Na5 1/2-1/2

[Event "FIN-chT"]
[Site "Finland"]
[Date "1994.??.??"]
[Round "11"]
[White "Kekki, Jorma J"]
[Black "Hakulinen, Esko Matti"]
[Result "1/2-1/2"]
[WhiteElo "2305"]
[BlackElo "2330"]
[PlyCount "30"]
[EventDate "1994.??.??"]
[EventType "team"]
[EventRounds "11"]
[EventCountry "FIN"]
[SourceTitle "EXT 1998"]
[Source "ChessBase"]
[SourceDate "1997.11.17"]
[SourceVersion "1"]
[SourceVersionDate "1997.11.17"]
[SourceQuality "1"]

1. c4 e6 2. Nf3 Nf6 3. g3 d5 4. Bg2 Be7 5. 0-0 0-0 6. d4 c6 7. b3 b6 8. Bb2 Bb7 9. Nc3 Na6 10. Ne5 c5 11. e3 cxd4 12. exd4 Nb4 13. Rc1 Rc8 14. Qd2 Nc6 15. cxd5 exd5 1/2-1/2